Most dangerous foods for dogs Quiz Stats

 Plays Quiz not verified by Sporcle

Also try: 'N' Game
Challenge
Share
Tweet
Embed
Score 0/14 Timer 06:00
0 Plays Today
Food % Correct
Chocolate
97.3%
Grapes & Raisins
46.8%
Onion
31.4%
Milk, Dairy
27.8%
Chicken Bones
23.3%
Raw Fish
18.8%
Alcohol
17.8%
Food % Correct
Garlic
17.2%
Tea, Coffee, Caffeine
14%
Raw eggs
14%
Avocado
8.4%
Mushroom
7.2%
Macadamia Nuts
5.6%
Nutmeg
1.4%

You're not logged in!

Compare scores with friends on all Sporcle quizzes.
OR
Log In

You Might Also Like...

Show Comments

Extras

Created Apr 11, 2010SourceReportNominate
Tags:Food Quiz, dangerous, dog

Top Quizzes Today


Score Distribution

Your Account Isn't Verified!

In order to create a playlist on Sporcle, you need to verify the email address you used during registration. Go to your Sporcle Settings to finish the process.

Report this User

Report this user for behavior that violates our Community Guidelines.

Details: